Psicologia dell'omosessualità

Saved in:
Bibliografiske detaljer
Hovedforfatter: Adler, Alfred
Format: Bog
Udgivet: Roma Newton 1994
Tags: Tilføj Tag
Ingen Tags, Vær først til at tagge denne postø!

MARC

LEADER 00000nam a22000007i 4500
001 234
003 NUMERAZIONE-ORIGINALE-BRESCIA
005 20260213131251.0
008 941220s1994 it |||||| ||||| |||||c
040 |c BRESCIA 
100 |a Adler, Alfred 
245 0 |a Psicologia dell'omosessualità 
260 |a Roma  |b Newton  |c 1994 
500 |a Tascabili Economici Newton 
942 |2 ddc  |c BK  |n 0 
952 |0 0  |1 0  |2 ddc  |4 0  |6 23  |7 0  |9 28434  |a BS  |b BS  |d 2026-02-06  |i 234  |l 0  |o 2-3-*  |r 2026-02-06 22:40:35  |w 2026-02-06  |x [REVISIONARE]  |y BK 
999 |c 24115  |d 24115